[Event "EU-Cup 21st"]
[Site "Saint Vincent"]
[Date "2005.09.23"]
[Round "6.3"]
[White "Moiseenko, Alexander"]
[Black "Stojanovski, Dejan"]
[Result "1-0"]
[WhiteElo "2664"]
[BlackElo "2405"]
[Annotator "Ftacnik,L"]
[PlyCount "93"]
[EventDate "2005.09.18"]
[EventType "team-swiss"]
[EventRounds "7"]
[EventCountry "ITA"]
[SourceTitle "CBM 110"]
[Source "ChessBase"]
[SourceDate "2006.01.31"]
[SourceVersion "1"]
[SourceVersionDate "2006.01.31"]
[SourceQuality "1"]
[WhiteTeam "Ashdod"]
[BlackTeam "Skopje"]
[WhiteTeamCountry "ISR"]
[BlackTeamCountry "MKD"]

1. d4 Nf6 2. c4 e6 3. Nc3 Bb4 4. Nf3 b6 5. Bg5 Bb7 6. Nd2 h6 7. Bh4 Bxc3 8.
bxc3 d6 9. f3 Nbd7 10. e4 Qe7 11. Bd3 g5 12. Bf2 Nh5 13. O-O (13. Qa4 Nf4 14.
Bf1 Kf8 15. h4 Kg7 16. h5 e5 17. g3 Ne6 18. Bh3 Rhd8 19. Nf1 Qf6 20. Ne3 Qxf3
21. Bg2 Qf6 22. O-O Kh7 23. Qd1 Ng7 24. Nd5 {1-0 Sokolov,A-Pavlov,A /Novgorod
1997/ (37)}) (13. g3 O-O-O (13... f5 14. Qe2 f4 (14... fxe4 15. Bxe4 Bxe4 16.
Qxe4 Kf7 17. O-O Nhf6 18. Qd3 Kg7 19. Rae1 Rae8 20. c5 dxc5 21. Nc4 {1-0
Petkov,V-Iotov,V/Vila de Marin 2005/ (31)}) 15. a4 e5 16. a5 c5 (16... Kf7 17.
c5 dxc5 18. Bc4+ Kg6 19. a6 Bc8 20. Bd5 Rb8 21. Qb5 cxd4 22. cxd4 c5 {1/2-1/2
Zaja,I-Franic,M/Velika Gorica 2005/ (35)}) 17. Bc2 O-O 18. Ba4 Ndf6 19. g4 Ng7
20. h4 Ne6 21. d5 Nd8 {1/2-1/2 Eljanov,P-Akopian,V/Moscow 2005/ (49)}) (13...
Ng7 14. Qe2 c5 15. h4 O-O-O 16. O-O-O f6 17. Rh2 Rhg8 18. hxg5 hxg5 19. Rdh1
Ne8 20. g4 Nf8 21. Bg3 e5 {1/2-1/2 Mastrovasilis,A-Bykhovsky,A /Porto Carras
2005/ (64)}) 14. Qe2 Rde8 15. a4 a5 16. c5 dxc5 17. Ba6 e5 18. d5 Nb8 19. Bxb7+
Kxb7 20. Rb1 Rd8 21. Nc4 Kc8 22. O-O Qf6 {1/2-1/2 Livshits,R-Roussel Roozmon,T/
Montreal 2003/ (49)}) 13... Nf4 14. Nb3 {Stojanovski can lean back on a solid
position in the center and chances on the kingside.} (14. Bc2 h5 15. Re1 Rg8
16. Nf1 O-O-O 17. Qd2 Nf8 18. Ne3 N8g6 19. Rf1 Qf6 20. Kh1 Qg7 21. Be1 h4 22.
a4 a5 23. Qf2 Qf8 24. Bd2 Nh5 25. Rfb1 Ngf4 26. h3 Ng3+ {0-1 Jobava,B-Delgado,
N/Havana 2005/ (56)}) 14... h5 15. Re1 Rg8 16. Bf1 O-O-O 17. g3 $6 {Moiseenko
should have probably refrained from pushing the knight away as it speeds up
black's play on the kingside.} (17. Qd2 h4 18. Be3 Qf6 19. a4 a5 20. Rab1 $14)
17... Ng6 18. a4 a5 19. c5 $5 {White is rushing the opening of the play and
his goal is an access to the black king.} (19. Rb1 h4 $13) 19... dxc5 20. Rb1
Nb8 (20... h4 21. Qe2 hxg3 22. hxg3 g4 23. Nxa5 gxf3 24. Qb5 Nf4 25. Nxb7 Kxb7
$13) 21. Qc2 (21. Qe2 cxd4 22. cxd4 Nc6 23. Rec1 $13) 21... cxd4 22. cxd4 Nc6
23. Rec1 Nb4 (23... Kb8 24. Nc5 Nxd4 25. Bxd4 Rxd4 26. Nxb7 Kxb7 27. Qc6+ Ka7 (
27... Kb8 28. Ba6 $18) 28. Qxc7+ Qxc7 29. Rxc7+ Ka8 30. Rxb6 $16) 24. Qb2 g4
25. d5 $1 {The position becomes very complex, white must rush his attack as
his king protection is falling apart.} Rd6 (25... gxf3 26. Bxb6 $18) (25... Kb8
26. Nxa5 $1 bxa5 27. Bc5 Qg5 (27... Qd7 28. Bxb4 axb4 29. Qxb4 $18) 28. f4 Nxf4
29. Bxb4 Nd3 30. Bxd3 axb4 31. Bf1 exd5 32. Qxb4 Qe3+ 33. Kh1 Qb6 34. Qc3 $18)
26. e5 Rxd5 $2 {It was time to think about original solutions with piece
sacrifice 26...Nxe5.} (26... Nxe5 27. Qxe5 Rxd5 28. Qe3 Kb8 $14) 27. Bxb6 Nxe5
(27... Nc6 28. Nxa5 Rxa5 29. Bxa5 Nxa5 30. Ba6 c6 31. Qb5 Qc7 32. Bxb7+ $18)
28. Rxc7+ Qxc7 29. Bxc7 Nxf3+ 30. Kh1 $2 {This move throws away the advantage,
white king will not be safe under the spell of the bishop on b7.} (30. Kf2 $1
Kxc7 31. Qc3+ Nc6 32. Bb5 $16) 30... Kxc7 31. Nxa5 Rd2 (31... Nd2 32. Rc1+ Rc5+
33. Nxb7 Rxc1 34. Qxc1+ Kxb7 35. Qxd2 $18) 32. Qc3+ Bc6 33. Bg2 (33. Nxc6 $4
Rxh2#) 33... Rgd8 34. Qxb4 Rd1+ 35. Rxd1 Rxd1+ 36. Bf1 Rxf1+ $2 {Stojanovski
has not appreciated the potential of his grip on white king, much better move
36...Bd5! would force white to accept the draw by perpetual check.} (36... Bd5
$1 37. Qe7+ (37. Kg2 $2 Rd2+ 38. Be2 Rxe2+ 39. Kf1 Rc2 $17) 37... Kc8 38. Qe8+
Kc7 39. Qe7+ $11) 37. Kg2 Rd1 (37... Nd2+ 38. Nxc6 $18) 38. Kf2 (38. Nxc6 $2
Ne1+ $1 39. Kf2 Nd3+ 40. Ke2 Nxb4 $19) 38... Bd5 39. Nc4 {White chances are
excellent again and his attack on the black king will decide.} Rc1 (39... Bxc4
40. Qxc4+ Kd8 41. a5 $18) 40. Qe7+ Kc6 (40... Kc8 41. Nb6+ Kb8 42. Qe8+ Kb7 43.
Nxd5 exd5 44. Qxf7+ $18) 41. Qd6+ Kb7 42. Qd7+ Ka6 (42... Kb8 43. Ne3 $18) 43.
Qc8+ Ka7 (43... Bb7 44. Qc5 $18) 44. Qc7+ Bb7 45. Qb6+ Ka8 46. Nd6 Bd5 47. Nb5
1-0

[Event "EU-chT (Men) 15th"]
[Site "Gothenburg"]
[Date "2005.08.07"]
[Round "9.3"]
[White "Wojtaszek, Radoslaw"]
[Black "Tiviakov, Sergei"]
[Result "1/2-1/2"]
[WhiteElo "2591"]
[BlackElo "2678"]
[Annotator "Ftacnik,L"]
[PlyCount "109"]
[EventDate "2005.07.30"]
[EventType "team-swiss"]
[EventRounds "9"]
[EventCountry "SWE"]
[SourceTitle "CBM 109"]
[Source "ChessBase"]
[SourceDate "2005.11.14"]
[SourceVersion "1"]
[SourceVersionDate "2005.11.14"]
[SourceQuality "1"]
[WhiteTeam "Poland"]
[BlackTeam "Netherlands"]
[WhiteTeamCountry "POL"]
[BlackTeamCountry "NED"]

1. d4 Nf6 2. c4 e6 3. Nf3 b6 4. Nc3 Bb4 5. Bg5 Bb7 6. Nd2 h6 7. Bh4 Be7 8. e4
Nxe4 $5 {Black is accepting the challenge of snapping the central pawn, the
line promises white two bishops.} 9. Bxe7 Nxc3 10. Bxd8 (10. Qf3 Qc8 11. Qxc3
Kxe7 12. d5 Kf8 13. O-O-O d6 14. Ne4 Nd7 15. f4 Qd8 16. Be2 Nf6 17. Ng3 exd5
18. Bf3 c5 19. Bxd5 Bxd5 20. cxd5 Qd7 {0-1 Wells,P (2506)-Rowson,J (2494)/York
2000/ (41)}) 10... Nxd1 11. Bxc7 Nxb2 12. a4 (12. Bd6 Na4 13. Ba3 d6 14. Bxd6
Nc6 15. d5 Nd4 16. Rc1 Nf5 17. Ba3 Nc5 18. Bxc5 bxc5 19. Nb3 Rc8 20. dxe6 fxe6
21. f3 Kf7 22. Kf2 {1-0 Zhorzholiani,M (2019)-Ignacz,M (2265)/Herceg Novi 2005/
(56)}) 12... d5 13. cxd5 (13. c5 Kd7 14. Bg3 Nc4 15. Bxc4 {1/2-1/2 Nosenko,A 
(2478)-Smirnov,I (2478)/Alushta 2003/}) 13... exd5 14. Ra2 Nc4 15. Nxc4 dxc4
16. Bxc4 Kd7 17. Bf4 Rc8 (17... Nc6 18. d5 Nb4 19. Rb2 Nxd5 20. Rd2 Ke6 21. O-O
Rhd8 22. Bc7 Rd7 23. Re1+ Kf6 24. Be5+ Kg6 25. Bd3+ f5 26. g4 Kf7 27. gxf5 Rc8
{1/2-1/2 Bunzmann,D (2484)-Lutz,C (2595)/Saint Vincent 2000/ (34)}) 18. Bb5+ (
18. Bd3 Re8+ 19. Re2 Rxe2+ 20. Kxe2 g5 $1 21. Be5 Bxg2 22. Rg1 Bd5 23. h4 Nc6
$11) 18... Bc6 19. Kd2 a6 $2 {This move seems to be a bit reckless to me,
since black will now suffer due to the weak pawns on a6, b6. White will have
good chances to benefit from two strong bishops.} (19... g5 20. Bg3 a6 21. Bd3
$16) (19... Kd8 $5 20. f3 Bd5 21. Re1 Nc6 22. Rb2 f6 23. Ba6 Nxd4 24. Bxc8 Rxc8
25. Re3 $14) 20. Bd3 Kd8 21. Re1 (21. f3 Nd7 22. Re1 Bd5 23. Rb2 $14) 21... Bd5
(21... Bxg2 22. Rg1 Bd5 23. Rb2 g5 24. Rxb6 Nd7 25. Rd6 Bb3 26. Bg3 $16) 22.
Rb2 Nd7 23. Be5 $6 {I find it hard to approve of this move as white is
transforming his advantage but gives up the bishops pair.} (23. f3 $1 $14)
23... Nxe5 24. Rxe5 (24. dxe5 Rc6 25. Reb1 Kc7 26. Ke3 f6 $11) 24... Bxg2 25.
Rxb6 Rc6 26. Rb1 (26. Rxc6 Bxc6 27. a5 Ra7 28. h4 $14) 26... Rf6 27. Rg1 Bc6 (
27... Rxf2+ $2 28. Ke3 Ra2 29. Rxg2 $1 Rxg2 30. Be4 $18) 28. Rxg7 Rxf2+ 29. Ke3
Rf3+ (29... Rxh2 30. d5 $1 Bb7 31. Rxf7 Bc8 32. d6 $18) 30. Ke2 Rf6 31. Bc4 Ra7
(31... Rf4 32. Rc5 Bh1 33. Kd3 Rf3+ 34. Kd2 Rf2+ 35. Kc3 $16) 32. Rg8+ $6 {
[%mdl 2048] Wojtaszek was hoping to get similar position with better pieces
and lot of creative tension. With unpleasant move 32.a5! he might have
justified the parting with dark squared bishop on the 23.move.} (32. a5 $1 $16)
32... Kd7 33. Rf8 (33. a5 Rb7 34. Bxa6 Rb2+ 35. Ke1 (35. Kd3 Rf3+ 36. Kc4 Rc2+
$11) 35... Rxh2 $14) 33... Bxa4 34. Rxf7+ Rxf7 35. Bxf7 Kd8 (35... Bb5+ 36. Ke3
Ra8 37. Rh5 Rf8 $14) 36. Bc4 Bd7 (36... Rb7 $1 37. Bxa6 Rb2+ 38. Kf3 Rxh2 $14)
37. Ra5 (37. Kd3 a5 38. Rh5 a4 39. Rxh6 a3 40. Ba2 Rb7 41. h4 Rb2 42. Bd5 $16)
37... Rb7 38. Rxa6 Rb2+ 39. Ke3 Rxh2 {White is left only with nominally better
position, his big advantage has completely dissipated.} 40. Ke4 Ke7 41. Ra7 (
41. d5 Rh4+ 42. Kd3 Bh3 $11) 41... Rh4+ 42. Ke3 (42. Ke5 Rh5+ $11) 42... Rh3+
43. Ke4 Rh4+ 44. Ke3 Rh3+ 45. Kd2 Kd8 (45... Kd6 46. Ra6+ Ke7 47. d5 Bf5 48.
d6+ Kd7 49. Bb5+ Ke6 50. d7+ Ke7 51. Rd6 Bxd7 52. Rxd7+ $16) 46. Ra8+ Ke7 47.
Ra7 Kd8 48. d5 Rf3 49. d6 Rf6 50. Ra6 Bc8 51. Rb6 h5 52. Ba6 Bxa6 53. Rxa6 Kd7
54. Ke3 Rxd6 55. Rxd6+ 1/2-1/2

[Event "Biel"]
[Site "Biel"]
[Date "1995.??.??"]
[Round "1"]
[White "Zvjaginsev, Vadim"]
[Black "Timman, Jan H"]
[Result "1/2-1/2"]
[WhiteElo "2600"]
[BlackElo "2590"]
[Annotator "Hansen,Cu"]
[PlyCount "65"]
[EventDate "1995.07.??"]
[EventType "tourn"]
[EventRounds "13"]
[EventCountry "SUI"]
[EventCategory "15"]
[SourceTitle "CBM 049"]
[Source "ChessBase"]
[SourceDate "1995.12.01"]
[SourceVersion "1"]
[SourceVersionDate "1995.12.01"]
[SourceQuality "1"]

1. d4 Nf6 2. c4 e6 3. Nc3 Bb4 4. Nf3 b6 5. Bg5 Bb7 6. e3 h6 7. Bh4 g5 8. Bg3
Ne4 9. Qc2 Bxc3+ 10. bxc3 Nxg3 11. fxg3 d6 12. Bd3 Nd7 (12... g4 13. Nh4 Qg5 (
13... Nd7 14. O-O Rf8 15. a4 a5 16. Rf4 Qg5 17. Qe2 h5 18. Raf1 $16 {Grooten,
Herman-Schwartz/Dieren 1987 (29)}) 14. O-O Qxe3+ (14... Nd7 15. Rae1 $6 (15.
Rf4) 15... Rf8 16. Qa4 Qa5 17. Qc2 O-O-O $13 {Trapl,J-Nun,Ji/CSR-ch (10) 1986/
0-1 (85)}) 15. Kh1 Nd7 16. Rf4 Rg8 17. Raf1 O-O-O 18. R1f2 Qe1+ 19. Rf1 Qe3 20.
Rxf7 Rdf8 21. Qe2 $14 {Spassky,B-Polugaevsky,L/URS-ch29 Baku (08) 1961 (42)}) (
12... Qe7 13. O-O Nc6 14. a4 Na5 15. e4 O-O-O 16. Rf2 f6 17. d5 e5 18. Nd2 Kb8
19. Nf1 Bc8 20. Ne3 {+/= Rashkovsky,N-Taimanov,M/URS 36/(614) 1983}) 13. O-O (
13. Be4 Bxe4 (13... c6 14. O-O Qe7 15. Rae1 O-O-O 16. Nd2 h5 $132 {0-1 Du
Chattel,P-Hort,V/Utrecht 1986 (27)}) 14. Qxe4 Nf6 15. Qc6+ (15. Qd3 O-O 16. O-O
Kg7 17. Nd2 Qe7 18. h3 Rae8 19. Rf2 e5 20. Raf1 Nh5 21. e4 $14 {Rashkovsky,
N-Short,N/Baku 1983/}) (15. Qc2 Qd7 16. O-O Qc6 17. d5 Qd7 18. Nd4 $16 {
Rashkovsky,N-Lisenko,A/Sverdlovsk 1989 (30)}) 15... Kf8 16. O-O Kg7 17. Nd2 Rf8
18. h3 Ng8 19. g4 Ne7 20. Qf3 f5 $10 {Razuvaev,Y-Rashkovsky,N/URS-ch48 Vilnius
1980 (41)}) 13... Qe7 14. Rf2 (14. Be4 O-O-O (14... Bxe4 15. Qxe4 O-O 16. Nd2 (
16. Qd3 Qf6 17. Nd2 Qg6 $10 {Kumaran,D-Lev,R/London op 1989}) 16... c5 17. g4
Rac8 18. Rf2 Kg7 19. Raf1 $14 {Portisch,L-Popovic,P/Portoroz/Ljubljana (04)
1985 (38)}) 15. Bxb7+ Kxb7 16. a4 a5 17. Qe4+ Ka7 18. Qc6 Nb8 19. Qb5 Nd7 20.
Qc6 Nb8 21. Qb5 Nd7 22. Qc6 Nb8 23. Qb5 {1/2-1/2 Popov-Gunsberger/Varna ol 1962
}) (14. a4 a5 (14... O-O 15. a5 Nf6 16. Nd2 Ne8 17. Kh1 Ng7 18. Rf2 f5 $10 {
Verdikhanov,V-Chepukaitis,G/S-Peterburg op 1994/}) 15. e4 (15. Be4 Bxe4 16.
Qxe4 O-O 17. Qc6 f5 18. Qxc7 $4 Rfc8 19. Qb7 Qd8 $19 {Vaganjan,R-Plaskett,J/
London (12) 1986}) (15. Rf2 O-O-O 16. Be4 Ba6 17. Nd2 f5 18. Bd3 Bb7 19. e4 $16
{Campos Moreno,J-Rozentalis,E/Moscow olm (02) CHI-LTU ,CBM 45 1994/}) 15...
O-O-O 16. Nd2 g4 17. Rf4 h5 18. Nf1 Rdg8 19. Ne3 Qg5 20. Qe2 f5 21. exf5 e5 22.
Rff1 h4 23. d5 hxg3 24. hxg3 Nf6 {1/2-1/2 Psakhis,Lev-Motwani,P/Troon 1984}) (
14. Qa4 O-O 15. e4 (15. Qc2 Kg7 16. g4 c5 17. Nd2 Rac8 18. Rf2 $14 {Chuchelov,
V-Doery,J/Hamburg HSK (07) 1991 (46)}) 15... Kh8 16. Rae1 a5 17. e5 dxe5 18.
Nxe5 Nxe5 19. Rxe5 f6 20. Re3 e5 21. Qb5 {+/= Cebalo,M-Popovic,P/Zagreb/Rijeka
39/(652) 1985}) (14. Nd2 O-O-O 15. Be4 h5 16. Bxb7+ Kxb7 17. a4 a5 18. Qe4+ Ka7
19. Rab1 f5 $4 20. Rxf5 $16 {Kumaran,Dharshan-Piper,Matthew/Oakham 1990/}) (14.
e4 O-O-O 15. Qf2 h5 16. Nd2 Rdf8 17. h3 Rh6 $6 18. Qe3 Rf6 19. Rfb1 h4 20. Nf3
$16 {Siegel,G-Eismont,O/Biel op(04) 1994 (46)}) 14... O-O-O 15. Be4 (15. Raf1
Rdf8 $5 (15... f5 16. Nd2 $1 Rdf8 17. e4 fxe4 18. Bxe4 Rxf2 19. Rxf2 Rf8 20.
Re2 $1 Rf6 $14) 16. Be4 (16. Nd2 $5) 16... f5 17. Bxb7+ Kxb7 18. Nd2 Rf6 19.
Qa4 $5 (19. e4 Rhf8 20. exf5 exf5 21. Qd3 Kb8 22. Re2 Re6 $10) 19... h5 $1 20.
Rb1 h4 21. c5 (21. Nb3 Nb8 $1) (21. gxh4 Rxh4 22. g3 Rg4 23. c5 dxc5 24. Nb3
Nb8) (21. g4 fxg4 22. Rxf6 Nxf6 23. Nb3 Qh7 $1) 21... dxc5 (21... hxg3 $2 22.
c6+ Ka8 23. Qa6 $1 gxf2+ 24. Kxf2 Rb8 25. Rb3 d5 26. Ra3 $16) 22. Nb3 (22. Nc4
Nb8 $1) 22... Qd6 $1 {Hjartarson,J-Hellers,F/Gausdal (zt) 43/664 (Hellers,F)
1987 (28)} 23. Na5+ Ka8 24. Nc6 Kb7 $10) (15. Qa4 Kb8 16. Nd2 g4 17. Be4 h5 18.
Bxb7 Kxb7 19. Rb1 Nb8 20. Qc2 Rdf8 21. Qe4+ c6 22. Rbf1 $14 {Hjartarson,
J-Agdestein,S/Reykjavik 1987/}) 15... Rhf8 (15... f5 16. Bxb7+ Kxb7 17. e4 $14
{Timman,J-Miles,A/Tilburg 40/656 1985}) 16. Re1 Bxe4 17. Qxe4 Kb8 {[%cal Yf7f5]
/\f7-f5} 18. Qh7 Rh8 19. Qc2 h5 20. e4 h4 $132 21. gxh4 gxh4 22. e5 Rdg8 23.
exd6 Qxd6 24. c5 Qc6 (24... bxc5 25. dxc5 Qxc5 (25... Nxc5 26. Ne5 $16) 26. Nd4
$16) 25. Qe4 Qxe4 26. Rxe4 bxc5 27. Rxh4 Rxh4 28. Nxh4 Rg7 29. Rb2+ Kc8 30. Nf3
c6 31. h3 Kc7 32. g4 Nf6 33. dxc5 (33. dxc5 Ne4 $10) 1/2-1/2